<?xml version="1.0" encoding="UTF-8"?>
<collection xmlns="http://www.loc.gov/MARC21/slim">
 <record>
  <leader>     na                 </leader>
  <controlfield tag="001">INLIS000000000005880</controlfield>
  <controlfield tag="005">20240223093934</controlfield>
  <datafield tag="035" ind1=" " ind2=" ">
   <subfield code="a">0010-1223000034</subfield>
  </datafield>
  <controlfield tag="007">ta</controlfield>
  <controlfield tag="008">240223                           0 ind  </controlfield>
  <datafield tag="020" ind1=" " ind2=" ">
   <subfield code="a">9786232033627</subfield>
  </datafield>
  <datafield tag="082" ind1=" " ind2=" ">
   <subfield code="a">612.6</subfield>
  </datafield>
  <datafield tag="084" ind1=" " ind2=" ">
   <subfield code="a">612.6 HEN s</subfield>
  </datafield>
  <datafield tag="100" ind1="0" ind2=" ">
   <subfield code="a">Hendy Hendarto,</subfield>
  </datafield>
  <datafield tag="245" ind1="1" ind2=" ">
   <subfield code="a">Sistem reproduksi pria dan wanita :</subfield>
   <subfield code="b">Patofisiologi hingga aspek klinis /</subfield>
   <subfield code="c">Hendy Hendarto, Aucky Hinting</subfield>
  </datafield>
  <datafield tag="250" ind1=" " ind2=" ">
   <subfield code="a">-</subfield>
  </datafield>
  <datafield tag="260" ind1=" " ind2=" ">
   <subfield code="a">Jakarta :</subfield>
   <subfield code="b">EGC,</subfield>
   <subfield code="c">2022</subfield>
  </datafield>
  <datafield tag="300" ind1=" " ind2=" ">
   <subfield code="a">xx,203p. :</subfield>
   <subfield code="b">- ;</subfield>
   <subfield code="c">23 cm</subfield>
  </datafield>
  <datafield tag="650" ind1=" " ind2="4">
   <subfield code="a">Sistem reproduksi pria dan wanita</subfield>
  </datafield>
  <datafield tag="700" ind1="0" ind2=" ">
   <subfield code="a">Aucky Hinting</subfield>
  </datafield>
  <datafield tag="856" ind1=" " ind2=" ">
   <subfield code="a">Profesi kebidanan</subfield>
  </datafield>
  <datafield tag="520" ind1=" " ind2=" ">
   <subfield code="a">Buku ini berisi berbagai hal tentang sistem reproduksi pria dan wanita yang dibahas dari sisi patofisiologi hingga aspek klinis. Buku ini dipersiapkan terutama untuk para mahasiswa kedokteran, keperawatan, dokter, dan petugas kesehatan dengan harapan agar dapat menambah wawasan dan pengetahuan yang bermanfaat. Sistem reproduksi pria maupun wanita merupakan sistem yang kompleks yang saling terkait, melibatkan sistem hormon, endokrin, imun, dan sebagainya.&#13;
&#13;
Banyak hal dari kejadian patofisiologi yang berhubungan dengan aspek klinis, sehingga pemahaman yang baik dalam sistem reproduksi pria dan wanita akan meningkatkan mutu pandangan klinis. Sumber bacaan pokok penulisan buku ini diambil dari berbagai referensi yang akurat dan terkini dengan harapan agar para pembaca mendapatkan informasi yang terpercaya.&#13;
&#13;
DAFTAR ISI&#13;
&#13;
BAGIAN 1 SISTEM REPRODUKSI PRIA&#13;
&#13;
Bab 1 Anatomi Sistem Reproduksi Pria&#13;
Bab 2 Fungsi Sistem Reproduksi Pria&#13;
Bab 3 Perubahan Anatomis dan Fungsional Sistem Reproduksi Pria&#13;
Bab 4 Kelainan Organ Reproduksi Pria&#13;
Bab 5 Infeksi Organ Reproduksi Pria&#13;
Bab 6 Gangguan Fungsi Reproduksi Pria&#13;
Bab 7 Tumor Ganas Organ Genitalia Pria&#13;
Bab 8 Kelainan Payudara Pria&#13;
BAGIAN 2 SISTEM REPRODUKSI WANITA&#13;
&#13;
Bab 9 Anatomi dan Fisiologi Sistem Reproduksi Wanita&#13;
Bab 10 Gangguan Menstruasi&#13;
Bab 11 Infeksi Organ Reproduksi Wanita&#13;
Bab 12 Gangguan Struktur Sistem Reproduksi Wanita&#13;
Bab 13 Lesi Jinak pada Organ Reproduksi Wanita&#13;
Bab 14 Keganasan pada Organ Reproduksi Wanita&#13;
Bab 15 Kelainan Lain pada Organ Reproduksi Wanita&#13;
Bab 16 Masalah Payudara Wanita</subfield>
  </datafield>
  <datafield tag="990" ind1=" " ind2=" ">
   <subfield code="a">0000001219</subfield>
  </datafield>
  <datafield tag="990" ind1=" " ind2=" ">
   <subfield code="a">00000010095</subfield>
  </datafield>
  <datafield tag="990" ind1=" " ind2=" ">
   <subfield code="a">00000010341</subfield>
  </datafield>
  <datafield tag="990" ind1=" " ind2=" ">
   <subfield code="a">00000010340</subfield>
  </datafield>
  <datafield tag="990" ind1=" " ind2=" ">
   <subfield code="a">00000010639</subfield>
  </datafield>
  <datafield tag="990" ind1=" " ind2=" ">
   <subfield code="a">00000010094</subfield>
  </datafield>
  <datafield tag="990" ind1=" " ind2=" ">
   <subfield code="a">00000011427</subfield>
  </datafield>
 </record>
</collection>
